LEADER 01204nam0-22003851i-450- 001 990005459360403321 005 20071107130609.0 010 $a88-222-3101-5 035 $a000545936 035 $aFED01000545936 035 $a(Aleph)000545936FED01 035 $a000545936 100 $a19990604d1982----km-y0itay50------ba 101 0 $aita 105 $ay-------10--- 200 1 $aDiritto e potere nella storia europea$eatti in onore di Bruno Paradisi$e4. congresso internazionale della Società italiana di storia del diritto 210 $aFirenze$cLeo S. Olschki$d1982 215 $a2 v.$d26 cm 676 $a349.4 702 1$aParadisi,$bBruno 710 02$aSocietà italiana di storia del diritto$0199939 801 0$aIT$bUNINA$gRICA$2UNIMARC 901 $aBK 912 $a990005459360403321 952 $a349.4 PAR 1(1)$bST.MED.MOD. 10257$fFLFBC 952 $a349.4 PAR 1(2)$bST.MED.MOD. 10257$fFLFBC 952 $a2-A-177-/3$b4568$fDDCP 952 $a2-A-177-/2$b4568$fDDCP 952 $a2-A-177-/1$b4568$fDDCP 952 $aSDI-T 53$b2496$fSDI 959 $aFLFBC 959 $aDDCP 959 $aSDI 996 $aDiritto e potere nella storia europea$9588567 997 $aUNINA LEADER 02232nam 2200493 450 001 9910702565903321 005 20141222161053.0 035 $a(CKB)5470000002428518 035 $a(OCoLC)898495450 035 $a(OCoLC)52484605 035 $a(OCoLC)995470000002428518 035 $a(EXLCZ)995470000002428518 100 $a20141222d1958 ua 0 101 0 $aeng 135 $aurbn||||||||| 181 $2rdacontent 182 $2rdamedia 183 $2rdacarrier 200 10$aFatigue of sandwich constructions for aircraft, glass-fabric-laminate facing and alkyd isocyanate foamed-in-place core sandwich material, tested in shear /$fby Fred Werren 210 1$aMadison, Wisconsin :$cUnited States Department of Agriculture, Forest Service, Forest Products Laboratory,$d1958. 215 $a1 online resource (11 unnumbered pages) $cillustrations 225 1 $aReport ;$vno. 1559-J 300 $aTitle from title screen (viewed Dec. 15, 2014). 300 $a"Information reviewed and reaffirmed 1958." 300 $aPublication pre-dates Federal Depository Library Program (FDLP) item numbers. No FDLP item number has been assigned. 300 $a"This report is one of a series issued in cooperation with the Air Force-Navy-Civil Subcommittee on Aircraft Design Criteria under the supervision of the Aircraft Committee of the Munitions Board." 300 $a"In cooperation with the University of Wisconsin." 517 3 $aGlass-fabric-laminate facing and alkyd isocyanate foamed-in-place core sandwich material, tested in shear 606 $aSandwich construction 607 $aMars (Planet)$vPosters 607 $aOuter space$xExploration$vPosters 607 $aMars (Planet)$2fast 607 $aOuter space$2fast 608 $aPosters.$2fast 615 0$aSandwich construction. 700 $aWerren$b Fred$01385908 712 02$aForest Products Laboratory (U.S.), 712 02$aUniversity of Wisconsin. 801 0$bGPO 801 1$bGPO 906 $aBOOK 912 $a9910702565903321 996 $aFatigue of sandwich constructions for aircraft, glass-fabric-laminate facing and alkyd isocyanate foamed-in-place core sandwich material, tested in shear$93475604 997 $aUNINA LEADER 01103cam2 22003013 450 001 SOB019807 005 20231213091019.0 010 $a978-0-19-872170-3 100 $a20040211d2008 |||||ita|0103 ba 101 $agrc$aeng 102 $aUS 200 0 $a3: $frecognovit apparatu testimoniorum ornavit adnotatione critica instruxit M.R. Dilts 210 $aOxonii$ce Typographeo Clarendoniano$d2008 215 $aXX, 237 p.$d18 cm 225 2 $aScriptorum classicorum bibliotheca Oxoniensis 410 1$1001LAEC00016747$12001 $a*Scriptorum classicorum bibliotheca Oxoniensis 461 1$1001SOBE00029524$12001 $aDemosthenis Orationes 700 0$aDemosthenes$3AF00012552$4070$0167473 702 1$aDILTS, M.. R. $3AF00022781$4070 801 0$aIT$bUNISOB$c20231213$gRICA 850 $aUNISOB 852 $aUNISOB$j870|Coll|14|K$m137871 912 $aSOB019807 940 $aM 102 Monografia moderna SBN 941 $aM 957 $a870|Coll|14|K$b000039$i-3$gSI$d137871$racquisto$tN$1cutolo$2UNISOB$3UNISOB$420130109112309.0$520231213091019.0$6Spinosa 996 $a3$91591035 997 $aUNISOB